| 000 | 00815nam a2200205 a 4500 | ||
|---|---|---|---|
| 005 | 20210219160347.0 | ||
| 008 | 081020s2000 mx r 000 0 spa d | ||
| 035 | _aUPN01000163860 | ||
| 049 | _aUNE | ||
| 080 | _a314.745.3 (7/8) "1981" CON. | ||
| 111 | 2 | _aColoquio sobre el Asilo y la Protección Internacional de Refugiados en América Latina, 1981 : México | |
| 245 | 1 | 0 | _aConclusiones y recomendaciones. |
| 260 | _aMéxico : SRE : Instituto Matías Romero de Estudios Diplomáticos : UNAM. Instituto de Investigaciones Jurídicas, 1981. | ||
| 300 | _a10 p. | ||
| 690 | _aRefugiados- Instrumentos internacionales | ||
| 690 | _aACNUR- Instrumentos internacionales | ||
| 690 | _aAmérica Latina | ||
| 710 | 2 | _aOficina del Alto Comisionado de las Naciones Unidas para los Refugiados. | |
| 905 | _aUNESCO | ||
| 999 |
_c135973 _d135973 |
||